I difetti sociali del codice civile in relazione alle classi non abbienti ed operaie (Record no. 164496)

MARC details
000 -LEADER
campo de control de longitud fija 00772nam a22001695i 4500
001 - NÚMERO DE CONTROL
campo de control 164496
003 - IDENTIFICADOR DE NÚMERO DE CONTROL
campo de control ES-MaACL
005 - FECHA Y HORA DE LA ÚLTIMA TRANSACCIÓN
campo de control 20230906212940.0
008 - DATOS DE LONGITUD FIJA--INFORMACIÓN GENERAL
campo de control de longitud fija 050729s1890 it | |||||||| ||ita d
040 ## - FUENTE DE CATALOGACIÓN
Centro catalogador/agencia de origen CAM
Lengua de catalogación spa
Centro/agencia transcriptor CAM
100 1# - ENTRADA PRINCIPAL--NOMBRE DE PERSONA
Nombre de persona Salvioli, Giuseppe.
9 (RLIN) 102138
245 12 - MENCIÓN DEL TÍTULO
Título I difetti sociali del codice civile in relazione alle classi non abbienti ed operaie
Resto del título : discorso letto per la solenne inaugurazione degli studi nella R. Università di Palermo il giorno 9 novembre 1890 /
Mención de responsabilidad, etc. dall'Avv. Giuseppe Salvioli.
260 ## - PUBLICACIÓN, DISTRIBUCIÓN, ETC.
Lugar de publicación, distribución, etc. Palermo :
Nombre del editor, distribuidor, etc. [s.n.],
Fecha de publicación, distribución, etc. 1890 (
Fabricante Tipografia dello "Statuto")
300 ## - DESCRIPCIÓN FÍSICA
Extensión 46 p. ;
Dimensiones 27 cm.
710 2# - ENTRADA AGREGADA--NOMBRE DE ENTIDAD CORPORATIVA
Nombre de entidad corporativa o nombre de jurisdicción como elemento de entrada Università di Palermo.
9 (RLIN) 158415
852 ## - LOCALIZACIÓN
Ubicación ES-MaACL
Número de control de estantería T-918-F-4
Nota libre -- Enc. hol. conservando la cub. original
-- -- Enc. en un vol. facticio
Holdings
Estatus retirado Estado de pérdida Estado de daño No para préstamo Colección Biblioteca de origen Biblioteca actual Ubicación en estantería Fecha de adquisición Total de préstamos Signatura topográfica completa Código de barras Visto por última vez Precio de reemplazo Tipo de ítem Koha
        Colección de folletos Biblioteca del Ateneo de Madrid Biblioteca del Ateneo de Madrid Depósito folletos 17/01/2008   T-918-F-4 1172430 23/02/2023 23/02/2023 Folleto